| 000 | 00552nam a22001697a 4500 | ||
|---|---|---|---|
| 005 | 20231121072845.0 | ||
| 008 | 231121b |||||||| |||| 00| 0 eng d | ||
| 020 | _a0702106054 ; 0702106062 | ||
| 041 | _aAfrikaans | ||
| 082 | _a342.8 VAN | ||
| 100 |
_aVan der Vyver, JD _lAfrikaans |
||
| 245 |
_aDie Beskerming van Menseregte in Suid_Afrika / _cJD Van der Vyver |
||
| 260 |
_aKaapstad : _bJuta en Kie. Beperk, _c1975 |
||
| 300 |
_bxxxvi, 211 pages ; _c25,5 cm. |
||
| 650 |
_aLegal practice _bLaw |
||
| 942 |
_cBK _6ALISON_BN_VRIES |
||
| 999 |
_c823 _d823 |
||